000 00530nam a2200205Ia 4500
003 IN-BaIIA
008 211028s9999 xx 000 0 eng d
020 _a978-1-439-80858-0
040 _cIIA Library
080 _a535
_bTYS
100 _aTyson, Robert
245 0 _aPrinciples of adaptive optics
_cRobert Tyson
250 _a3rd ed.
260 _aBoca Raton
_bCRC Press
_c2011
300 _axv, 299p.
490 _aSeries in optics and optoelectronics
650 _aAberrations
_913746
650 _aOptics
942 _cBK
999 _c18540
_d18540